المواطن البيئية للاحياء / (رقم التسجيلة. 145637)
[ عرض عادي ]
| 000 -LEADER | |
|---|---|
| fixed length control field | 00658nam a22002297a 4500 |
| 005 - DATE AND TIME OF LATEST TRANSACTION | |
| control field | 20251108175925.0 |
| 008 - FIXED-LENGTH DATA ELEMENTS--GENERAL INFORMATION | |
| fixed length control field | 250721s2020 xx 000 0 ara d |
| 082 14 - DEWEY DECIMAL CLASSIFICATION NUMBER | |
| Classification number | ط/550/هوي |
| 100 1# - MAIN ENTRY--PERSONAL NAME | |
| Personal name | ديركي، ربيع |
| Relator term | مشرف |
| 245 10 - TITLE STATEMENT | |
| Title | المواطن البيئية للاحياء / |
| 264 1# - PRODUCTION, PUBLICATION, DISTRIBUTION, MANUFACTURE, AND COPYRIGHT NOTICE | |
| Place of production, publication, distribution, manufacture | دمشق : |
| Name of producer, publisher, distributor, manufacturer | بيت الحكمة، |
| Date of production, publication, distribution, manufacture, or copyright notice | 2020. |
| 300 ## - PHYSICAL DESCRIPTION | |
| Extent | 30ص. |
| 490 0# - SERIES STATEMENT | |
| Series statement | الجغرافيا |
| 650 17 - SUBJECT ADDED ENTRY--TOPICAL TERM | |
| Topical term or geographic name as entry element | الجغرافيا |
| 650 17 - SUBJECT ADDED ENTRY--TOPICAL TERM | |
| Topical term or geographic name as entry element | علوم الارض |
| 650 17 - SUBJECT ADDED ENTRY--TOPICAL TERM | |
| Topical term or geographic name as entry element | البيئة |
| 650 17 - SUBJECT ADDED ENTRY--TOPICAL TERM | |
| Topical term or geographic name as entry element | الاحياء |
| 653 ## - INDEX TERM--UNCONTROLLED | |
| Uncontrolled term | ناشئون صغار(10-14)سنة |
| 700 1# - ADDED ENTRY--PERSONAL NAME | |
| Personal name | هولي، عزي |
| 942 ## - ADDED ENTRY ELEMENTS (KOHA) | |
| Source of classification or shelving scheme | Dewey Decimal Classification |
| Koha item type | كتب |
| حالة السحب | حالة الفقدان | مصدر التصنيف | حالة التلف | غير قابل للإعارة | المكتبة الرئيسية | المكتبة الحالية | موقع الرف | تاريخ التزويد | الرقم المتسلسل | Total Checkouts | رقم الإستدعاء | الباركود | تاريخ آخر ظهور | تاريخ الفاتورة | نوع المادة (كوها) |
|---|---|---|---|---|---|---|---|---|---|---|---|---|---|---|---|
| Dewey Decimal Classification | المكتبة المركزية | المكتبة المركزية | الأطفال | 28/07/2025 | 1783822 | ط/550/هوي | PLD00507410 | 28/07/2025 | 28/07/2025 | كتب | |||||
| Dewey Decimal Classification | المكتبة المركزية | المكتبة المركزية | الأطفال | 09/01/2025 | 1791330 | ط/550/هوي | PLD00513950 | 28/07/2025 | 09/01/2025 | كتب | |||||
| Dewey Decimal Classification | مكتبة قتيبة للأطفال | مكتبة قتيبة للأطفال | الأطفال | 09/01/2025 | 1791331 | ط/550/هوي | PLD00513951 | 28/07/2025 | 09/01/2025 | كتب | |||||
| Dewey Decimal Classification | مكتبة أم المؤمنين للأطفال | مكتبة أم المؤمنين للأطفال | الأطفال | 15/01/2024 | 1783826 | ط/550/هوي | PLD00507848 | 28/07/2025 | 15/01/2024 | كتب | |||||
| Dewey Decimal Classification | مكتبة الأميرة سلمى | مكتبة الأميرة سلمى | الأطفال | 09/01/2025 | 1791332 | ط/550/هوي | PLD00513952 | 28/07/2025 | 09/01/2025 | كتب | |||||
| Dewey Decimal Classification | مكتبة البراعم الواعدة | مكتبة البراعم الواعدة | الأطفال | 15/01/2024 | 1783830 | ط/550/هوي | PLD00507852 | 28/07/2025 | 15/01/2024 | كتب | |||||
| Dewey Decimal Classification | مكتبة البراعم الواعدة | مكتبة البراعم الواعدة | الأطفال | 15/01/2024 | 1783831 | ط/550/هوي | PLD00507853 | 28/07/2025 | 15/01/2024 | كتب | |||||
| Dewey Decimal Classification | مكتبة البيادر | مكتبة البيادر | الأطفال | 15/01/2024 | 1783828 | ط/550/هوي | PLD00507850 | 28/07/2025 | 15/01/2024 | كتب | |||||
| Dewey Decimal Classification | مكتبة الراية الهاشمية للأطفال | مكتبة الراية الهاشمية للأطفال | الأطفال | 15/01/2024 | 1783827 | ط/550/هوي | PLD00507849 | 28/07/2025 | 15/01/2024 | كتب | |||||
| Dewey Decimal Classification | مكتبة الياسمين للأطفال | مكتبة الياسمين للأطفال | الأطفال | 15/01/2024 | 1783823 | ط/550/هوي | PLD00507845 | 28/07/2025 | 15/01/2024 | كتب | |||||
| Dewey Decimal Classification | مكتبة بدر الجديدة للأطفال | مكتبة بدر الجديدة للأطفال | الأطفال | 15/01/2024 | 1783824 | ط/550/هوي | PLD00507846 | 28/07/2025 | 15/01/2024 | كتب | |||||
| Dewey Decimal Classification | مكتبة بدر للأطفال | مكتبة بدر للأطفال | الأطفال | 15/01/2024 | 1783825 | ط/550/هوي | PLD00507847 | 28/07/2025 | 15/01/2024 | كتب | |||||
| Dewey Decimal Classification | مكتبة بيت السينما | مكتبة بيت السينما | الأطفال | 15/01/2024 | 1783829 | ط/550/هوي | PLD00507851 | 28/07/2025 | 15/01/2024 | كتب |